| 000 | 01986cam a22003735a 4500 | ||
|---|---|---|---|
| 001 | 017472692 | ||
| 003 | Uk | ||
| 005 | 20161208104951.0 | ||
| 006 | m || d | | ||
| 007 | cr ||||||||||| | ||
| 008 | 141215s2016 enka frb 001|0|eng|d | ||
| 015 |
_aGBB5A6290 _2bnb |
||
| 020 | _a0124078230 | ||
| 020 | _a9780124078239 | ||
| 040 |
_aStDuBDS _beng _cStDuBDS _dUk _eEG-ScBUE |
||
| 082 | 0 | 4 |
_222 _a621.384131 _bPOO |
| 100 | 1 |
_aPoole, Clive _941712 |
|
| 245 | 1 | 0 |
_aMicrowave active circuit analysis and design / _cClive Poole, Izzat Darwazeh. |
| 260 |
_aLondon : _bAcademic Press / Elsevier, _c2016. |
||
| 300 |
_axxiii, 642p. : _bill. ; _c26 cm. |
||
| 500 | _aIndex : p. 629-642. | ||
| 504 | _aIncludes bibliographical references. | ||
| 505 | 0 | _aChapter 1. Introduction -- Chapter 2. Transmission Line Theory -- Chapter 3. Practical Transmission Lines -- Chapter 4. The Smith Chart -- Chapter 5. Immittance Parameters -- Chapter 6. S-parameters -- Chapter 7. Gain and Stability of Active Networks -- Chapter 8. Three-Port Analysis Techniques -- Chapter 9. Lumped Element Matching Networks -- Chapter 10. Distributed Element Matching Networks -- Chapter 11. Microwave Semiconductor Materials and Diodes -- Chapter 12. Microwave Transistors and MMICs -- Chapter 13. Microwave Amplifier Design -- Chapter 14. Low-noise Amplifier Design -- Chapter 15. Microwave Oscillator Design -- Chapter 16. Low-noise Oscillator Design -- Chapter 17. Microwave Mixers. | |
| 590 | _aWessam | ||
| 650 | 0 |
_aRadio _xTransmitters and transmission _xDesign and construction. _2BUEsh |
|
| 650 | 0 |
_aRadio _xReceivers and reception _xDesign and construction. _2BUEsh _937089 |
|
| 650 | 0 |
_aRadio circuits _xDesign and construction. _2BUEsh _931457 |
|
| 650 | 0 |
_aMicrowave circuits _xDesign and construction. _2BUEsh _933157 |
|
| 651 | _2BUEsh | ||
| 700 | 1 |
_aDarwazeh, Izzat. _941714 |
|
| 942 |
_2ddc _e22 _k621.384131 POO |
||
| 999 |
_c23384 _d23356 |
||